| 000 | 01193nam a2200313 i 4500 | ||
|---|---|---|---|
| 001 | bg | ||
| 245 | 0 | 0 |
_aSłownik pojęć ekonomicznych. _n[Cz. 2], _pP-Ż / _c[red. prowadzący tomu Jadwiga Witecka ; przekł. haseł Ewa Frąckiewicz et al.]. |
| 260 |
_aWarszawa : _bWydawnictwo Naukowe PWN, _c2007. |
||
| 300 |
_a272 s. ; _c23 cm. |
||
| 490 | 1 |
_aBiblioteka Gazety Wyborczej. _pBiznes ; _vT. 9 |
|
| 521 | _aDla kadry zarządzającej : liderów i menedżerów, przedsiębiorców, a taże studentów. | ||
| 650 | 9 |
_aNauki ekonomiczne _xterminologia |
|
| 655 | _aSłowniki polsko-angielskie | ||
| 655 | _aSłowniki angielsko-polskie | ||
| 700 | 1 |
_aWitecka, Jadwiga. _eRed. |
|
| 700 | 1 |
_aFrąckiewicz, Ewa _c(organizacja i zarządzanie). _eTł. |
|
| 830 |
_aBiblioteka Gazety Wyborczej. _pBiznes ; |
||
| 020 | _a9788301152819 (całość) | ||
| 020 | _a9788301152802 (t. 9/2) | ||
| 040 | _cBPK | ||
| 041 | 1 |
_apol _beng _heng |
|
| 044 | _aPOL | ||
| 080 | _a33(038)=111=162.1 | ||
| 920 | _a978-83-01-15281-9 (całość) | ||
| 920 | _a978-83-01-15280-2 (t. 9/2) | ||
| 942 | _cKS | ||
| 008 | s pl f |000 0 pol | ||
| 999 |
_c54542 _d54542 |
||
| 856 |
_uhttp://koha.tu.koszalin.pl/cgi-bin/koha/opac-detail.pl?biblionumber=54542 _yKatalog online BPK |
||